000 00834nam a22002537i 4500
005 20210818182050.0
008 181005s1985 ck a gr 000 f spa d
020 _a8482809008
_qObra completa
020 _a8482809687
040 _aCOMFC
_bspa
_erda
100 1 _953359
_aHemingway, Ernest
_eaut
245 1 0 _aFiesta
_cErnest Hemingway ; Traducción Joaquín Adsua
264 0 4 _aBogotá
_bEditorial Oveja Negra
_c1985
300 _a208 páginas
_c19 cm
336 _2rdacontent
_atxt
337 _2rdamedia
_an
338 _2rdacarrier
_anc
490 _953226
_aBest Sellers
_v68
534 _tTítulo original:
_zFiesta / The sun also rises
700 1 _953360
_aAdsua, Joaquín
_etrl
082 0 4 _a813.52
_bH488f
650 0 _924818
_aNovela Estadounidense
942 _2ddc
_h813.52 H488f
_k813.52
_mH488f
999 _c14078
_d14078